Question bank on Agricultural engineering (Record no. 17699)
[ view plain ]
| 000 -LEADER | |
|---|---|
| fixed length control field | 00426nam a22001817a 4500 |
| 003 - CONTROL NUMBER IDENTIFIER | |
| control field | OSt |
| 008 - FIXED-LENGTH DATA ELEMENTS--GENERAL INFORMATION | |
| fixed length control field | 230522b |||||||| |||| 00| 0 eng d |
| 041 ## - LANGUAGE CODE | |
| Language code of text/sound track or separate title | eng |
| 082 ## - DEWEY DECIMAL CLASSIFICATION NUMBER | |
| Classification number | 630.1076 |
| Item number | UJJ/QU |
| 100 ## - MAIN ENTRY--AUTHOR NAME | |
| Personal name | Ujjwal, P.S |
| 100 ## - MAIN ENTRY--AUTHOR NAME | |
| Personal name | Singh, Sweta |
| 100 ## - MAIN ENTRY--AUTHOR NAME | |
| Personal name | Singh, B.R |
| 245 ## - TITLE STATEMENT | |
| Title | Question bank on Agricultural engineering |
| 260 ## - PUBLICATION, DISTRIBUTION, ETC. (IMPRINT) | |
| Place of publication | Delhi |
| Year of publication | 2021 |
| 300 ## - PHYSICAL DESCRIPTION | |
| Number of Pages | 571 |
| 942 ## - ADDED ENTRY ELEMENTS (KOHA) | |
| Koha item type | Books |
| 250 ## - EDITION STATEMENT | |
| -- | 1 |
| 260 ## - PUBLICATION, DISTRIBUTION, ETC. (IMPRINT) | |
| -- | Narendra |
| Withdrawn status | Lost status | Damaged status | Collection code | Home library | Current library | Shelving location | Date acquired | Source of acquisition | Cost, normal purchase price | Full call number | Accession Number | Koha item type |
|---|---|---|---|---|---|---|---|---|---|---|---|---|
| General Books | KAUAET | KAUAET | General Stacks | 24/03/2023 | Aman book stall,calicut | 1995.00 | 630.1076 UJJ/QU | 26133 | Books |
